|
|
|
|
| LEADER |
00966nam a2200229 a 4500 |
| 001 |
9791738 |
| 008 |
130424r20031953nyu b 001 0 eng d |
| 010 |
|
|
|a 54005423
|
| 040 |
|
|
|a DLC
|c CarP
|d DLC
|d BD-DhAAL
|
| 082 |
0 |
0 |
|a 320.1
|2 22
|
| 100 |
1 |
|
|a Gettell, Raymond Garfield,
|d 1881-
|
| 245 |
1 |
0 |
|a History of political thought /
|c Raymond Garfield Gettell, Lawrence C. Wanlass.
|
| 250 |
|
|
|a 2d ed.
|
| 260 |
|
|
|a New York :
|b Appleton-Century-Crofts ;
|a Delhi :
|b Surjeet Publications,
|c 1953 [Reprinted 2003]
|
| 300 |
|
|
|a xii, 418 p.
|c 24 cm.
|
| 504 |
|
|
|a Includes bibliographical references and index.
|
| 541 |
1 |
|
|e 00026855
|
| 650 |
|
0 |
|a Political science
|x History.
|
| 700 |
1 |
|
|a Wanlass, Lawrence C.,
|d 1925- [from old catalog]
|e ed.
|
| 852 |
1 |
|
|a Ayesha Abed Library
|j General Shelf.
|
| 999 |
|
|
|c 13345
|d 13345
|
| 952 |
|
|
|0 0
|1 0
|2 ddc
|4 0
|6 320_100000000000000_GET
|7 0
|9 22250
|a IGS
|b IGS
|c GEN
|d 2012-04-27
|e Mullick & Brothers
|g 320.00
|l 0
|o 320.1 GET
|p 3010026855
|r 2013-04-28
|t 1
|w 2012-04-27
|y BK
|